Public policy and technology transfer: viewpoints of U.S. business
Furkejuvvon:
| Materiálatiipa: | Girji |
|---|---|
| Giella: | eaŋgalasgiella |
| Almmustuhtton: |
Washington, D.C
United States Departament of State
1978
|
| Fáttát: | |
| Fáddágilkorat: |
Lasit fáddágilkoriid
Eai fáddágilkorat, Lasit vuosttaš fáddágilkora!
|
MARC
| LEADER | 00000nam a2200000 a 4500 | ||
|---|---|---|---|
| 001 | UCV3760 | ||
| 003 | CL-VaPUC | ||
| 008 | 911023e19780000US |||||||||||||||||eng|d | ||
| 082 | 0 | 4 | |a 338.9 |b PUB |2 21 |
| 245 | 1 | 0 | |a Public policy and technology transfer: viewpoints of U.S. business |
| 300 | |a 4 v | ||
| 942 | |c BK | ||
| 945 | |d 19911023 00:00:00 | ||
| 260 | |a Washington, D.C |b United States Departament of State |c 1978 | ||
| 500 | |a v.1: Overview and policy considerations | ||
| 500 | |a v.2: Industry characteristics | ||
| 500 | |a v.3 | ||
| 500 | |a Host country envioronments | ||
| 500 | |a v.4: U.S environment and technical assistance programs | ||
| 650 | 0 | |a Transferencia de tecnología |9 259659 | |
| 650 | 0 | |a Desarrollo económico |9 259599 | |
| 583 | |a last modification |c 19911023 00:00:00 |k Rodrigo Vera | ||
| 999 | |c 210891 |d 210889 | ||
| 952 | |0 0 |1 0 |4 0 |6 338_900000000000000_PUB_1978 |7 0 |8 A |9 187891 |a BIBALI |b BIBALI |d 2019-11-14 |h v.1 |i 2553848 |o 338.9 PUB 1978 |p 2553848 |r 2025-01-20 |w 2019-11-14 |y BK |k ALI | ||
| 952 | |0 0 |1 0 |4 0 |6 338_900000000000000_PUB_1978 |7 0 |8 A |9 187892 |a BIBALI |b BIBALI |d 2019-11-14 |h v.2 |i 2553856 |o 338.9 PUB 1978 |p 2553856 |r 2025-01-20 |w 2019-11-14 |y BK |k ALI | ||
| 952 | |0 0 |1 0 |4 0 |6 338_900000000000000_PUB_1978 |7 0 |8 A |9 187893 |a BIBALI |b BIBALI |d 2019-11-14 |h v.3 |i 2553864 |o 338.9 PUB 1978 |p 2553864 |r 2025-01-20 |w 2019-11-14 |y BK |k ALI | ||
| 952 | |0 0 |1 0 |4 0 |6 338_900000000000000_PUB_1978 |7 0 |8 A |9 187894 |a BIBALI |b BIBALI |d 2019-11-14 |h v.4 |i 2553872 |o 338.9 PUB 1978 |p 2553872 |r 2025-01-20 |w 2019-11-14 |y BK |k ALI | ||